Settlements of Slovenia on a Map - Koroška - Statistics

General Stats
  • This quiz has been taken 31 times
  • The average score is 67 of 143
Answers on the Map
Answers color-coded by a green-red scale on the quiz's map according to % correct below.
 
Answer Stats
Name % Correct
Slovenj Gradec
100%
Črna na Koroškem
91%
Dravograd
91%
Mežica
91%
Muta
91%
Prevalje
91%
Radlje ob Dravi
91%
Ravne na Koroškem
91%
Kotlje
82%
Vuzenica
82%
Mislinja
73%
Ožbalt
73%
Pameče
73%
Šmartno pri Slovenj Gradcu
73%
Topla
73%
Brezno
64%
Graška Gora
64%
Libeliče
64%
Podgora
64%
Podgorje
64%
Poljana
64%
Remšnik
64%
Ribnica na Pohorju
64%
Sele
64%
Šentanel
64%
Stari trg
64%
Strojna
64%
Troblje
64%
Uršlja Gora
64%
Vas
64%
Žerjav
64%
Belšak
55%
Brdinje
55%
Dovže
55%
Dravče
55%
Jamnica
55%
Javorje
55%
Koprivna
55%
Legen
55%
Leše
55%
Lom
55%
Mislinjska Dobrava
55%
Ojstrica
55%
Onkraj Meže
55%
Otiški Vrh
55%
Podpeca
55%
Podvelka
55%
Raduše
55%
Spodnji Razbor
55%
Tribej
55%
Turiška vas
55%
Vič
55%
Vrhe
55%
Vuhred
55%
Zelen Breg
55%
Zgornji Razbor
55%
Breg
45%
Bukovska vas
45%
Črneče
45%
Črneška Gora
45%
Dobrava
45%
Dobrije
45%
Dolga Brda
45%
Gmajna
45%
Golavabuka
45%
Gornji Dolič
45%
Gortina
45%
Jazbina
45%
Koroški Selovec
45%
Kozjak
45%
Kozji Vrh
45%
Libeliška Gora
45%
Ludranski Vrh
45%
Pernice
45%
Podklanc
45%
Preški Vrh
45%
Šentjanž nad Dravčami
45%
Šmiklavž
45%
Spodnja Vižinga
45%
Srednji Dolič
45%
Trbonje
45%
Vodriž
45%
Završe
45%
Zgornja Kapla
45%
Zgornja Vižinga
45%
Bistra
36%
Brda
36%
Gorče
36%
Goriški Vrh
36%
Javnik
36%
Kot pri Prevaljah
36%
Lokovica
36%
Navrški Vrh
36%
Plat
36%
Podkraj
36%
Podkraj pri Mežici
36%
Selovec
36%
Šentilj pod Turjakom
36%
Šentjanž pri Dravogradu
36%
Spodnja Kapla
36%
Stražišče
36%
Suhi Vrh
36%
Sv. Boštjan
36%
Sv. Jernej nad Muto
36%
Sv. Primož nad Muto
36%
Sv. Vid
36%
Vurmat - del
36%
Breznica
27%
Brezni Vrh
27%
Bukovje
27%
Dobrova pri Dravogradu
27%
Gradišče
27%
Hudi Kot
27%
Josipdol
27%
Kozji Vrh nad Dravogradom
27%
Lehen na Pohorju
27%
Mala Mislinja
27%
Mlake
27%
Paka - del
27%
Radelca
27%
Razborca
27%
Rdeči Breg - del
27%
Sele - del
27%
Spodnja Orlica
27%
Sv. Anton na Pohorju
27%
Sv. Danijel
27%
Sv. Duh
27%
Sv. Primož na Pohorju
27%
Sv. Trije Kralji
27%
Tolsti Vrh pri Mislinji
27%
Tolsti Vrh p. R. na K. - del
27%
Tomaška vas
27%
Velka
27%
Vrata
27%
Zagrad
27%
Zgornja Orlica
27%
Zgornji Kozji Vrh
27%
Zgornji Lehen na Pohorju
27%
Janževski Vrh
18%
Št. Janž pri Radljah
18%
Zgornji Janževski Vrh
18%
No matching quizzes found
Score Distribution
Percent of People with Each Score
Percentile by Number Answered
Your Score History
You have not taken this quiz